000 01320cam a2200169 4500500
005 20260405001339.0
041 _afre
042 _adc
100 1 0 _aCouteron, Jean-Pierre
_eauthor
700 1 0 _aLongbottom, Susie
_eauthor
245 0 0 _aNew therapeutic communities
260 _c2026.
500 _a62
520 _aThis article highlights the evolutions within the TC model since their comeback as part of the five year plan initiated by Didier Jayle. (2005 – 2011) This revival made it possible to rethink the TC model by integrating advances in addiction treatment, particularly in harm reduction by breaking away from the authoritarian and sectarian approach of the past (e.g. Le Patriarche). This new wave of CTs place the group at the heart of the therapeutic process, designed as a space for experimenting different relationships, benevolent confrontation and self-help. These programs value experiential knowledge, peer support, counseling and a recovery approach. Power and decision making are shared between professionals and residents, in a collaborative approach that promotes self-determination and empowerment.
786 0 _nPsychotropes | 32 | 1-2 | 2026-03-16 | p. 159-173 | 1245-2092
856 4 1 _uhttps://shs.cairn.info/journal-psychotropes-2026-1-2-page-159?lang=en&redirect-ssocas=7080
999 _c2046653
_d2046653